| 000 | 00675nam a2200205 i 4500 | ||
|---|---|---|---|
| 001 | 165990 | ||
| 003 | ES-MaACL | ||
| 005 | 20251015063148.0 | ||
| 008 | 990226s1860 fr |||| | fre d | ||
| 100 | 1 |
_aTaine, Hippolyte, _d1828-1893 _9109085 |
|
| 245 | 1 | 4 |
_aLes philosophes français du XIX siècle / _cpar H. Taine. |
| 250 | _aDeuxième édition, revue et corrigée. | ||
| 260 |
_aParis : _bLibrairie Hachette et Cie., _c1860. |
||
| 300 |
_aVIII, 371 p. ; _c18 cm. |
||
| 597 | _aAntep. | ||
| 650 | 0 | 4 |
_aFilósofos- _zFrancia- _yS.XIX. _912867 |
| 752 |
_aFrancia - _dParís |
||
| 852 |
_aES-MaACL _jF-11767 _z- Enc. pasta española |
||
| 999 |
_c165990 _d165990 |
||